000 00704nam a2200253Ia 4500
003 OSt
005 20220927105212.0
006 a|||||r|||| 00| 0
007 ta
008 220926b |||||||| |||| 00| 0 eng d
024 _a159568
037 _cReference Collections
040 _aRTL
_cRTL
_beng
041 _2eng
_aeng
082 _a"X71.212.N64, K4"
110 _aKERALA (Govt. of-)
_9370869
245 0 _aExplanatory memorandum on the budget for 1964-65
260 _c1964
300 _a142p
_ccm.
500 _aAppendix : p141-142p
700 _aKERALA (Govt. of-)
_9370870
942 _h"X71.212.N64, K4"
_cCC
999 _c691138
_d691138